000 00985nam0a22002651 4500
001 rc\2624205
005 20250623143201.0
035 _a(NLR Aleph) 006787804
090 _a6112025
_c6112025
100 _a20110914d1931 |||y0rusy50 ca
101 0 _arus
102 _aRU
105 _aa z |||||
200 1 _aБетон
_eЧто нужно знать комсомолу о бетоне
_fН. Н. Павлов
210 _a[Москва]
_cОгиз - Мол. гвардия
_d1931
_g5-я тип. Огиза
215 _a112 с.
_cил.
_d17х13 см.
225 1 _aБиблиотека молодого строителя
320 _aБиблиография: "Главнейшая литература, использованная автором..." (стр. 111-12)
700 1 _aПавлов
_bН.Н.
_gНиколай Николаевич
801 0 _aRU
_bNLR
_gpsbo
801 1 _aRU
_bELAR
_2rusmarc
852 _aNLR
_j32-1/459
942 _cBOOK
980 _aNB